|
|
|
|
| LEADER |
01178cam a2200313Ia 4500 |
| 001 |
9780203004050 |
| 003 |
FlBoTFG |
| 005 |
20091230162920.0 |
| 006 |
a|||||s||||||||||| |
| 007 |
cr|||| |
| 008 |
970124s1997 enka sb 001 0 eng d |
| 020 |
|
|
|a 9780203004050 (e-book : PDF)
|
| 040 |
|
|
|a FlBoTFG
|c FlBoTFG
|d GrThAP
|
| 043 |
|
|
|a ff-----
|a e------
|a aw-----
|
| 090 |
|
|
|a NA335.E85
|b S65 1997
|
| 092 |
|
|
|a 728.09376
|b S651
|
| 100 |
1 |
|
|a Smith, J. T.
|q (John Thomas),
|d 1922-
|
| 245 |
1 |
0 |
|a Roman villas
|h [electronic resource] :
|b a study in social structure /
|c J.T. Smith ; drawings by A.T. Adams.
|
| 260 |
|
|
|a London ;
|a New York :
|b Routledge,
|c 1997.
|
| 300 |
|
|
|a xxxiii, 378 p. :
|b ill.
|
| 504 |
|
|
|a Includes bibliographical references (p. 330-339) and indexes.
|
| 530 |
|
|
|a Also available in print edition.
|b CRC Press (http://www.crcpress.com)
|
| 538 |
|
|
|a Mode of access: World Wide Web.
|
| 650 |
|
0 |
|a Architecture, Domestic
|z Rome.
|
| 650 |
|
0 |
|a Architecture, Roman
|z Europe.
|
| 650 |
|
0 |
|a Architecture and society
|z Rome.
|
| 655 |
|
7 |
|a Electronic books.
|2 lcsh
|
| 776 |
1 |
|
|z 9780415167192
|
| 856 |
4 |
0 |
|u http://www.tandfebooks.com/isbn/9780203004050
|z Full Text via HEAL-Link
|